| 000 | 01148nam a2200337 i 4500 | ||
|---|---|---|---|
| 001 | 200443631 | ||
| 999 |
_c200443631 _d61843 |
||
| 003 | TR-AnTOB | ||
| 005 | 20240905132541.0 | ||
| 007 | ta | ||
| 008 | 020516s1995 tu a b 000 0 tur d | ||
| 020 | _a9754090629 | ||
| 020 | _a9754090645 | ||
| 040 |
_aTR-AnTOB _beng _erda _cTR-AnTOB |
||
| 041 | 0 | _atur | |
| 050 | 1 | 4 |
_aTA168 _b.S57 1995 |
| 090 |
_aTA168 _b.S57 1995 |
||
| 111 | 2 |
_aSistem Mühendisliği Ve Savunma Uygulamaları Sempozyumu _n(1. : _d1995 : _cAnkara) _936254 |
|
| 245 | 1 | 0 |
_a1 nci Sistem Mühendisliği ve Savunma Uygulamaları Sempozyumu : _bbildiriler, 12-13 Ekim 1995. |
| 264 | 1 |
_aAnkara: _bKara Harp Okulu. _c[date of publication not identified] |
|
| 300 |
_a2 volumes ; _c24 cm |
||
| 336 |
_2rdacontent _atext _btxt |
||
| 337 |
_2rdamedia _aunmediated _bn |
||
| 338 |
_2rdacarrier _avolume _bnc |
||
| 504 | _aBIB | ||
| 650 | 7 |
_aSistem mühendisliği _xBilgisayar programları _vKongreler _2etuturkob _936255 |
|
| 650 | 7 |
_aAskeri hazırlık _vKongreler _2etuturkob _9138212 |
|
| 710 | 2 |
_aKara Harp Okulu (Türkiye) _945372 |
|
| 942 |
_2lcc _cBK |
||